Fundamentos de contabilidad de costos con enfoque NIIF /

Detalles Bibliográficos
Autores principales: Oviedo Pino, Juan Ignacio (Autor), Narváez Castillo, Viviana Patricia (Autor)
Formato: Electrónico eBook
Lenguaje:español
Publicado: Popayán, Colombia : Editorial Universidad del Cauca, 2023.
Edición:Primera edición en español.
Materias:
Acceso en línea:Digitalia Hispánica

MARC

LEADER 00000nam a2200000Ii 4500
001 DIGUCAUCA0166
003 NyNyDIG
006 m o d
007 cr |||||||||||
008 250611s2023 ck a ob 000 0 spa d
035 |a (OCoLC)1517039944 
040 |a DGITA  |b eng  |e rda  |e pn  |c DGITA 
020 |a 9789587325942  |q digital 
020 |z 9789587325935  |q impreso 
050 1 4 |a HF5686.C8 ebook 
100 1 |a Oviedo Pino, Juan Ignacio,  |e author. 
245 1 0 |a Fundamentos de contabilidad de costos con enfoque NIIF /  |c Juan Ignacio Oviedo Pino, Viviana Patricia Narváez Castillo. 
250 |a Primera edición en español. 
264 1 |a Popayán, Colombia :  |b Editorial Universidad del Cauca,  |c 2023. 
300 |a 1 online resource :  |b illustrations. 
336 |a text  |b txt  |2 rdacontent 
337 |a computer  |b c  |2 rdamedia 
338 |a online resource  |b cr  |2 rdacarrier 
347 |a text file  |2 rdaft  
347 |b PDF 
504 |a Includes bibliographical references. 
588 0 |a Online resource; title from PDF title page (Digitalia, viewed June 11, 2025) 
630 0 0 |a International financial reporting standards. 
650 0 |a Cost accounting. 
700 1 |a Narváez Castillo, Viviana Patricia,  |e author. 
776 0 8 |i Print version:  |a Oviedo Pino, Juan Ignacio.  |t Fundamentos de contabilidad de costos con enfoque NIIF.  |b Primera edición en español.  |d Popayán, Colombia : Editorial Universidad del Cauca, 2023  |z 9789587325935 
791 2 |a Digitalia (Firm),  |e distributor. 
793 0 |g Digitalia eBook Collection:  |a Editorial Universidad del Cauca 
856 4 0 |3 Digitalia Hispánica  |u https://www.digitaliapublishing.com/a/173790/ 
910 |a Premium collection: 2025